| 000 | 01074naa a22002777a 4500 | ||
|---|---|---|---|
| 001 | BR9605545 | ||
| 003 | BR-BrBNA | ||
| 005 | 20240918181701.0 | ||
| 007 | ta | ||
| 008 | 230509b bl.||||| |||| 00| 0 por d | ||
| 040 |
_aBR-BrBNA _bpor _cBiblioteca Nacional de Agricultura |
||
| 041 | _a(Pt) | ||
| 072 |
_aF61; F30 _b2120 |
||
| 090 | _aF61 BR9605545 | ||
| 100 | 1 | _aAlves, J.D. | |
| 111 | 1 |
_a12. Congresso Brasileiro de Pesquisas Cafeeiras _cCaxambu, MG (Brazil) _d28-31 Oct 1985 |
|
| 245 | 1 | _aSaturacao luminica da fotossintese de diversos germoplasmas de Coffea arabica L. | |
| 260 | 3 |
_aRio de Janeiro, RJ (Brasil): _c1985. |
|
| 500 | _a12. Congresso Brasileiro de Pesquisas Cafeeiras. Trabalhos apresentados Rio de Janeiro, RJ (Brasil): 1985. p. 133-134 (BR9605545-AM)F61 | ||
| 650 | _aCafe | ||
| 650 | _aGermoplasma | ||
| 650 | _aFotossintese | ||
| 773 | 0 |
_t12. Congresso Brasileiro de Pesquisas Cafeeiras. Trabalhos apresentados _wF61 BR9605545 _gRio de Janeiro, RJ (Brasil), 1985. p. 133-134 |
|
| 909 |
_a202404 _bLucia _c55 _dLucia Elande |
||
| 942 |
_cAM _2AGRIS |
||
| 999 |
_c326420 _d326420 |
||